00261nam a2200097Ia 4500008004100000020001800041100002200059245002300081260004000104300001900144180205s9999 xx 000 0 und d a9789710172443 aReyes, Edgardo M. aMga uod at rosas / aQuezon CitybC & E publishingc2010 avii, 183 pages